Truyện cổ tích thế tục Việt Nam Quyển 1

Gồm: Khái luận về truyện cổ tích thế tục Việt Nam; bộ sưu tập truyện cổ tích thế tục Việt Nam (truyện cổ tích thế tục người Kinh: truyện về các đức tính và thói tật; truyện về quan hệ gia đình;...); TM tài liệu tham khảo tr. 183 - 185...

詳細記述

保存先:
書誌詳細
第一著者: Triều, Nguyên
その他の著者: Hội Văn nghệ dân gian Việt Nam
フォーマット: 図書
言語:Undetermined
出版事項: H. Sân khấu 2016
主題:
オンライン・アクセス:http://lrc.tdmu.edu.vn/opac/search/detail.asp?aID=2&ID=28201
タグ: タグ追加
タグなし, このレコードへの初めてのタグを付けませんか!
Thư viện lưu trữ: Trung tâm Học liệu Trường Đại học Thủ Dầu Một
LEADER 01247nam a2200229Ia 4500
001 TDMU_28201
008 210410s9999 xx 000 0 und d
082 |a 398.6089 
090 |b TR309 
100 |a Triều, Nguyên 
245 0 |a Truyện cổ tích thế tục Việt Nam 
245 0 |c Triều Nguyên (s.t &g.thiệu) 
245 0 |n Quyển 1 
260 |a H. 
260 |b Sân khấu 
260 |c 2016 
300 |a 680 tr. 
520 |a Gồm: Khái luận về truyện cổ tích thế tục Việt Nam; bộ sưu tập truyện cổ tích thế tục Việt Nam (truyện cổ tích thế tục người Kinh: truyện về các đức tính và thói tật; truyện về quan hệ gia đình;...); TM tài liệu tham khảo tr. 183 - 185 
650 |a Văn học dân gian  |x Truyện cổ tích  |x Thế tục  |z Việt Nam; Truyện cổ tích  |z Việt Nam; Việt Nam  |x Văn học  |x Truyện cổ tích thế tục 
700 |a Hội Văn nghệ dân gian Việt Nam 
856 |u http://lrc.tdmu.edu.vn/opac/search/detail.asp?aID=2&ID=28201 
980 |a Trung tâm Học liệu Trường Đại học Thủ Dầu Một